| 000 | 005920000a22002050004500 | ||
|---|---|---|---|
| 090 |
_aAR _b04109 |
||
| 245 | 1 | 0 | _aSpeciation by hybridization in Heliconius butterflies |
| 041 | 0 | _aInglés | |
| 650 | 1 | 4 |
_aHibridación _952623 |
| 653 | _eHeliconius heurippa | ||
| 700 | 1 |
_aSalazar, Camilo A. _998013 |
|
| 700 | 1 |
_aBermingham, Eldredge _995340 |
|
| 700 | 1 |
_aSalcedo, Christian _998014 |
|
| 700 | 1 |
_aJiggins, Chris D. _998015 |
|
| 700 | 1 |
_aLinares, Mauricio _995558 |
|
| 100 | 1 |
_aMavárez, Jesús _998016 |
|
| 260 | _c2006 | ||
| 942 | _cARTICULO | ||
| 773 | 1 |
_tNature _h4738 _q868-871 _d2006 _g441 |
|
| 999 |
_c13207 _d13207 |
||